| 000 | 00788nam a2200253 i 4500 | ||
|---|---|---|---|
| 001 | 184967 | ||
| 003 | SpMaBN | ||
| 005 | 20230906222324.0 | ||
| 008 | 160229s1980 sp |||| | spa d | ||
| 020 | _a84-85321-35-2 | ||
| 080 | _a82-31.09 | ||
| 100 | 1 |
_aFrye, Northrop. _952794 |
|
| 245 | 1 | 3 |
_aLa escritura profana _b: un estudio sobre la estructura del romance / _cNorthrop Frye ; [traducción, Edison Simons]. |
| 250 | _a1ª ed. esp. | ||
| 260 |
_aBarcelona : _bMonte Ávila, _c1980. |
||
| 300 |
_a234 p. ; _c18 cm. |
||
| 490 | 1 | _aEstudios | |
| 500 | _aÍndices. | ||
| 650 | 0 | 7 |
_aNovela- _xHistoria y crítica. _915603 |
| 700 | 1 |
_aSimons, Edison. _9106586 |
|
| 830 | 0 |
_aEstudios _9177349 |
|
| 852 |
_aES-MaACL _jL-30230 _z. - Donat. Miguel A. Velasco |
||
| 999 |
_c184967 _d184967 |
||